Comarques de costa - Mort sobtada - Statistics

General Stats
  • This quiz has been taken 14 times
  • The average score is 10 of 12
Answers on the Grid
Answers color-coded by a green-red scale on the quiz's grid according to % correct below.
Alt Camp
Alt Empordà
Alt Penedès
Alt Urgell
Alta Ribagorça
Anoia
Aran
Bages
Baix Camp
Baix Ebre
Baix Empordà
Baix Llobregat
Baix Penedès
Barcelonès
Berguedà
Cerdanya
Conca de Barberà
Garraf
Garrigues
Garrotxa
Gironès
Lluçanès
Maresme
Moianès
Montsià
Noguera
Osona
Pallars Jussà
Pallars Sobirà
Pla d'Urgell
Pla de l'Estany
Priorat
Ribera d'Ebre
Ripollès
Segarra
Segrià
Selva
Solsonès
Tarragonès
Terra Alta
Urgell
Vallès Occidental
Vallès Oriental
 
Answer Stats
Answer % Correct
Alt Empordà
92%
Barcelonès
83%
Garraf
83%
Selva
83%
Tarragonès
83%
Baix Camp
75%
Baix Ebre
75%
Baix Empordà
75%
Baix Llobregat
75%
Baix Penedès
75%
Maresme
75%
Montsià
75%
No matching quizzes found
Score Distribution
Percent of People with Each Score
Percentile by Number Answered
Your Score History
You have not taken this quiz